000 01068nam a22002537a 4500
005 20170502143020.0
010 _a1617EN ENG-116930
020 _a9780195696141
_c525.00
020 _a9780195696141
_c575.00
035 _aB-652060-072
035 _aB-666225
035 _aEN-100462
037 _bPragati
_adpl
037 _bDBAD/PUB
082 _a621.381548
100 _aBell . David A.
245 _aElectronic instumentation and measurments /
_cby David A. Bell
260 _c2015 (rp)
_aNew Delhi
_bOxford University Press
270 _aYMCA Library Building, 1, Jai Singh Road,
_bNew Delhi
_e110001.
300 _c24cm(pbk)
_axix,567p.
_bill.
942 _cEN
_2ddc
_h621.381548
_mBEL
999 _c101906
_d101906